• 首页
  • 本馆介绍
  • 公告通知
  • 最新文献
  • 馆藏检索
  • 电子资源
  • 读者导购
  • 参考咨询
  • 我的图书馆
  • 登录
  • 详细信息显示
  • 放入我的书架
  • 预约/预借图书
  • 作者相关作品
  • 分类相关作品
  • 丛书相关作品
  • 出版社相关作品

书目信息

  • 表格格式
  • 工作单格式
  • 卡片格式
题名:
Dirichlet问题
    
 
作者: 刘培杰 主编
分册:  
出版信息: 哈尔滨   哈尔滨工业大学出版社  2016.06
页数: 1203页
开本: 23cm
丛书名: 现代数学中的著名定理纵横谈丛书
单 册:
中图分类: O156.4
科图分类:
主题词: 解析数论--研究
电子资源:
ISBN: 978-7-5603-5852-9
000 00888oam2 2200265 450
001 4839
005 20181013103614.31
010    @a978-7-5603-5852-9@b精装@dCNY198.00
100    @a20170215d2016 em y0chiy50 ea
101 0  @achi
102    @aCN@b230000
105    @ay z 000yy
200 1  @aDirichlet问题@9Dirichlet wen ti@dDirichlet problems@f刘培杰主编@zeng
210    @a哈尔滨@c哈尔滨工业大学出版社@d2016.06
215    @a1203页@d23cm
225 2  @a现代数学中的著名定理纵横谈丛书@v8
300    @a国家出版基金资助项目 国家出版基金项目
330    @a本书是对迪利克雷问题的历史及与数学各分支的联系和最新研究进展所做的回顾与综述。
461  0 @12001 @a现代数学中的著名定理纵横谈丛书
510 1  @aDirichlet problems@zeng
606 0  @a解析数论@x研究
690    @aO156.4@v5
701  0 @a刘培杰@9liu pei jie@4主编
801  0 @aCN@b91MARC@c20170215
905    @aMuseLib@dO156.4@e125
    
    Dirichlet问题=Dirichlet problems/刘培杰主编.-哈尔滨:哈尔滨工业大学出版社,2016.06
    1203页;23cm.-(现代数学中的著名定理纵横谈丛书;8)
    国家出版基金资助项目 国家出版基金项目
    
    ISBN 978-7-5603-5852-9(精装):CNY198.00
    本书是对迪利克雷问题的历史及与数学各分支的联系和最新研究进展所做的回顾与综述。
●
相关链接 在E读中查询图书 在五车中查询图书 在当当中查询图书 在豆瓣中查询图书


正题名:Dirichlet问题     索取号:O156.4/125         预约/预借

序号 登录号 条形码 馆藏地/架位号 状态 备注
1 1126880   211268803   第二样本阅览室/ [索取号:O156.4/125] 在馆    
2 1126881   211268812   第三借阅区/ [索取号:O156.4/125] 在馆    
唐山师范学院图书馆 欢迎您!
大连网信软件有限公司© 版权所有